|
|
|
|
| LEADER |
00000nam0a2200000 4500 |
| 001 |
30035 |
| 005 |
20231030203737.0 |
| 010 |
|
|
|a 5743308063
|
| 035 |
|
|
|a (RuTPU)RU\TPU\book\30302
|
| 035 |
|
|
|a BOOK00000007
|
| 090 |
|
|
|a 30035
|
| 100 |
|
|
|a 20011209d2001 m y0rusy50 ca
|
| 101 |
0 |
|
|a rus
|
| 102 |
|
|
|a RU
|
| 105 |
|
|
|a y j 001zy
|
| 200 |
1 |
|
|a Функциональный анализ и полугруппы операторов
|e учебное пособие
|f Т. А. Кузнецова, В. Н. Кузнецов
|g Саратовский государственный технический университет
|
| 210 |
|
|
|a Саратов
|c [Б. и.]
|d 2001
|
| 215 |
|
|
|a 150 с.
|
| 320 |
|
|
|a Библиогр.: с. 142-143
|
| 610 |
1 |
|
|a математика
|
| 610 |
1 |
|
|a функциональный анализ
|
| 610 |
1 |
|
|a операторы
|
| 610 |
1 |
|
|a полугруппы
|
| 610 |
1 |
|
|a линейные пространства
|
| 610 |
1 |
|
|a метрические пространства
|
| 610 |
1 |
|
|a нормированные пространства
|
| 610 |
1 |
|
|a банаховые пространства
|
| 610 |
1 |
|
|a линейные операторы
|
| 610 |
1 |
|
|a компактные множества
|
| 610 |
1 |
|
|a гильбертовы пространства
|
| 610 |
1 |
|
|a учебные пособия
|
| 675 |
|
|
|a 517.98(075.8)
|v 3
|
| 700 |
|
1 |
|a Кузнецова
|b Т. А.
|g Татьяна Александровна
|
| 701 |
|
1 |
|a Кузнецов
|b В. Н.
|g Валентин Николаевич
|
| 712 |
0 |
2 |
|a Саратовский государственный технический университет
|2 stltpush
|3 (RuTPU)RU\TPU\col\95
|
| 801 |
|
0 |
|a RU
|b 63413507
|c 20011209
|g PSBO
|
| 801 |
|
2 |
|a RU
|b 63413507
|c 20041020
|g PSBO
|
| 942 |
|
|
|c BK
|